|
|
|
|
| LEADER |
00951nam a2200253 a 4500 |
| 001 |
c000047602 |
| 003 |
CARM |
| 005 |
00000000000000.0 |
| 008 |
821105r19811972it af 00011 ita |
| 015 |
|
|
|a It81-Aug
|
| 019 |
1 |
|
|a 2362682
|5 LACONCORD2021
|
| 020 |
|
|
|c L4000
|
| 035 |
|
|
|a (OCoLC)9016613
|5 LACONCORD2021
|
| 050 |
0 |
0 |
|a PQ4864.E222
|b D6 1981
|
| 100 |
1 |
|
|a De Giorgio, Emanuele,
|d 1916-
|
| 245 |
1 |
0 |
|a Domenica in Albis :
|b "racconti pugliesi" /
|c [di] Emanuele De Giorgio.
|
| 260 |
|
|
|a Bari :
|b M. Adda,
|c [1981?]
|
| 300 |
|
|
|a 156 p., 21 leaves of plates :
|b ill. ;
|c 20 cm.
|
| 440 |
|
0 |
|a Testimoni del Sud
|v 10
|
| 500 |
|
|
|a Previously published in Il Corriere del giorno, 1972-1977.
|
| 852 |
8 |
|
|b CARM
|h A2:AG11B0
|i B01953
|p 0083508
|f BK
|
| 082 |
0 |
4 |
|a 853/.914
|2 19
|
| 999 |
f |
f |
|i 61bf3749-59bf-5bbd-8ea3-68460fa6d037
|s c504990f-673d-51be-86c5-0a568bcec041
|
| 952 |
f |
f |
|p Can circulate
|a CAVAL
|b CAVAL
|c CAVAL
|d CARM 1 Store
|e B01953
|f A2:AG11B0
|h Other scheme
|i book
|m 0083508
|